Eurovision 2016 Grand Final Scoreboard - Statistics

General Stats
  • This quiz has been taken 120 times
  • The average score is 20 of 26
Answer Stats
Place Country Points % Correct
1st Ukraine 534
100%
2nd Australia 511
94%
3rd Russia 491
93%
5th Sweden 261
89%
26th Germany 11
88%
24th United Kingdom 62
88%
4th Bulgaria 307
85%
6th France 257
85%
8th Poland 229
81%
10th Belgium 181
80%
7th Armenia 249
77%
16th Italy 124
77%
22nd Spain 77
77%
11th Netherlands 153
75%
9th Lithuania 200
72%
18th Serbia 115
71%
17th Azerbaijan 117
70%
25th Czechia 41
70%
13th Austria 151
68%
15th Latvia 132
68%
21st Cyprus 96
67%
20th Georgia 104
66%
23rd Croatia 73
63%
19th Hungary 108
63%
12th Malta 153
63%
14th Israel 135
59%
No matching quizzes found
Score Distribution
Percent of People with Each Score
Percentile by Number Answered
Your Score History
You have not taken this quiz